000 01111nam a2200265 a 4500
001 1411
003 BR-CuiBMT
005 20231207000527.0
008 230821s2013 mtba 000 0 por d
020 _a9788598587257
040 _aBR-CuiBMT
_cBR-CuiBMT
080 _a351.94:005.51
_x(817.2)
_22007
090 _a351.94:005.51(817.2)
_bM433p
110 1 _aMato Grosso.
_bTribunal de Contas do Estado.
245 1 0 _aPDI - Programa de desenvolvimento institucional integrado :
_bTCE - MT avança promovendo soluções inovadoras /
_cTribunal de Contas do Estado de Mato Grosso
260 _aCuiabá :
_bTCE,
_c2013.
300 _a160 p. :
_bil. color. ;
_c30 cm
500 _aNa linha de sua missão orientadora, compartilha com os fiscalizados a experiência adquirida a partir da adoção do planejamento estratégico e de novas tecnologias, para a eficiência da administração pública.
504 _aInclui bibliografia.
650 _aAdministração pública
650 _aSoluções inovadoras
650 _aPlanejamento estratégico
650 _aTribunal de Contas
_zMato Grosso
942 _2udc
_cLV
999 _c1411
_d1411